NBA Teams by City - Statistics

General Stats
  • This quiz has been taken 109 times
    105 since last reset
  • The average score is 24 of 30
Answer Stats
Team City % Correct
Bulls Chicago
96%
Lakers Los Angeles
96%
Mavericks Dallas
92%
Spurs San Antonio
92%
Magic Orlando
90%
Thunder Oklahoma City
89%
Heat Miami
86%
Cavaliers Cleveland
85%
Pistons Detroit
85%
Raptors Toronto
84%
76ers Philadelphia
82%
Nets New York City
81%
Rockets Houston
80%
Celtics Boston
77%
Bucks Milwaukee
77%
Pelicans New Orleans
77%
Kings Sacramento
77%
Nuggets Denver
76%
Jazz Salt Lake City
76%
Hawks Atlanta
75%
Knicks New York City
75%
Suns Phoenix
72%
Trail Blazers Portland
71%
Warriors San Francisco
71%
Hornets Charlotte
67%
Clippers Los Angeles
67%
Grizzlies Memphis
66%
Wizards Washington D.C
66%
Pacers Indianapolis
65%
Timberwolves Minneapolis
61%
No matching quizzes found
Score Distribution
Percent of People with Each Score
Percentile by Number Answered
Your Score History
You have not taken this quiz since the last reset